Quel personnage dans Pokémon... - Statistiques

Statistiques générales
  • Ce quiz a été pris 51 fois
    45 depuis la dernière actualisation
  • Le résultat moyen est 28 sur 40
Statistiques - réponses
Quel personnage dans Pokémon... Nom du personnage % Correct
...suit la trace de Suicune? Eusine
93%
...est top-modèle? IneziaDonna
90%
...a inventé le Système de Stockage des Pokémon? Léo
90%
...a pour but de devenir le plus grand éleveur du monde? Pierre
90%
...est membre de la Police Internationale, et a notammentmis en prison les Sages de la Team Plasma, et cherché N à travers Unys? Beladonis
87%
...dirige l'aéroport de sa ville? Carolina
87%
...est la petite soeur du Champion d'Arène d'Illumis ? Clem
87%
...a été happé dans le Monde Distorsion en voulantcréer un univers à son image? Hélio
87%
...a pris la suite de ses soeurs à la tête de l'Arèned'Azuria? Ondine
87%
...expose ses peintures dans une galerie d'artde sa ville? Artie
83%
...a pour identité secrète le Royal Mask, Champion de Bataille Royale? Euphorbe
83%
...s'est enfui du Paradis Aether avec un Cosmog? Lilie
83%
...est originaire de Johto, et s'est établi à Hoenn avec sa famille, pour en devenir un Champion d'Arène? Norman
83%
...est le fils de Giovanni? Silver
83%
...a quitté Clémenti-Ville à cause de sa santé, puis Vergazonpour poursuivre son rêve de devenir Dresseur ? Timmy
83%
...se repose à Vaguelone quand elle n'est pas occupée à écumer Sinnoh à la recherche d'informations sur les mythes et légendes de sa région ? Cynthia
80%
...s'occupe d'un Pharamp vivant en haut d'un phare? Jasmine
80%
...est actuellement le Rival de Tarak parmi les Champions d'Arène ? Roy
80%
...a travaillé en étroite collaboration avec le Professeur Chen,avant de revenir à Sinnoh? Sorbier
80%
...est le scientifique de la Team Galaxie ? Pluton
77%
...traite Sacha de "minable" ? Régis
77%
...est redevenu acteur après avoir raccroché de son postede Champion d'Arène ? Zhu
77%
...est à la fois Championne d'Arène et Coordinatrice? Kiméra
73%
...a voulu construire New Lavandia, pour permettre aux habitantsde la ville originelle d'avoir plus de place pour vivre ? Voltère
73%
...possède une Méga-Gemme sertie dans ses lunettes ? Max
70%
...a été vaincu pour la première fois par Gold? Red
70%
...n'accepte que des Dresseuses comme apprentiesau sein de son Arène ? Erika
67%
...est une véritable princesse de sang royal, qui s'est vuoffrir une place au sein du Conseil 4 d'Alola ? Margie
67%
...était une Rivale de Tarak lors de leur Défi des Arènes? Sonya
67%
...est la gardienne actuelle du Peuple Atalan? Amaryllis
63%
...protège le Village Pokémon, caché des humains? Urup
63%
...élimine Sacha de la Ligue Indigo ? Richie
47%
...est un ancien Pokémon Ranger qui initie maintenant les Dresseurs au fonctionnement des Bases Secrètes ? Millepertuis
43%
...a fondé le Groupe Galaxie et s'est établi àRusti-Cité? Cormier
40%
...a été Champion d'Arène de Galar, mais aussi vainqueurde la Ligue, avant de voyager vers Couronneige? Dhilan
40%
...est un grand chef cuisinier? Narcisse
40%
...est un Rival de Flora qui s'habille toujours en Cacturne? Harley
33%
...est un Observateur Pokémon? Jacky
30%
...vit seule au Hameau Oublié? Penséa
27%
...tient la Boutique mère de Bicyclettes qui porte son nom,basée à Azuria ? Rodolphe
27%
Aucun quiz correspondant
Distribution des résultats
% des personnes avec chaque résultat
Percentile par nombre de réponses
Votre historique - résultats
Vous n’avez pas pris ce quiz depuis la dernière actualisation